Tennis par lettre - M - Statistiques

Statistiques générales
  • Ce quiz a été pris 94 fois
  • Le résultat moyen est 7 sur 10
Statistiques - réponses
Questions Réponses % Correct
Quel joueur anglais remporte Wimbledon en 2013, premier anglais depuis 1936 ? Andy Murray
95%
Dans quelle ville se déroule le tournoi de l'Open d'Australie ? Melbourne
95%
Quel joueur russe remporte son seul grand chelem aux Etats-Unis en 2021 ? Daniil Medvedev
92%
Quel joueur français, connu pour son jeu faisant lever des foules, a échoué aux portes de la demi-finale de l'US Open en 2014 ? Gaël Monfils
89%
Quel est la deuxième catégorie la plus importante au tennis après les Grands Chelems ? Master
84%
Quel joueur américain au tempérament fort a connu une rivalité intense avec Bjorn Borg ? John McEnroe
76%
Quelle tenniswoman française a remporté l'Open d'Australie et Wimbledon en 2006 ? Amélie Mauresmo
75%
Quel tennisman espagnol a remporté Roland-Garros en 1998 ? Carlos Moya
52%
Quel joueur autrichien remporte Roland-Garros en 1995 ? Thomas Muster
40%
Quelle tenniswoman russe a remporté Roland-Garros en 2004 ? Anastasia Myskina
15%
Aucun quiz correspondant
Distribution des résultats
% des personnes avec chaque résultat
Percentile par nombre de réponses
Votre historique - résultats
Vous n’avez pas pris ce quiz